000 00536nam a22001817a 4500
005 20260311154827.0
020 _a9789387791893
082 _a613
_bDIE
245 _aDiet, sleep, exercise :
_ba comprehensive guide to a healthy lifestyle /
_cEdited by Suresh Nambath
260 _aChennai :
_bTHG Publishers ,
_c2025.
300 _a98 pages :
_billustrations ;
_c22 cm.
650 _aHealth
650 _aNutrition.
650 _aSleep hygiene.
650 _aPhysical fitness.
700 _aSuresh, Nambath (editor)
942 _2ddc
_cBK
999 _c24270
_d24270